Информатика. Базовый курс (Запис № 310697)

МАРК-запис
000 -Лідер
fixed length control field 00707nam a22002537a 4500
003 - Ідентифікатор контрольного номера
control field UA-OsUOA
001 - Контрольний номер
control field 24426
007 - Фіксоване поле фізичного опису
fixed length control field ta
008 - Елементи даних фіксованої довжини – загальна інформація
fixed length control field 20040218b un ||||| |||| 00| 0 ukr d
090 ## - Локальний шифр розміщення
Класифікаційний індекс УДК 004.38
Авторський знак (НП) И74
040 ## - Джерело каталогізації
Агенція оригінальної каталогізації UA-OsUOA
Мова каталогізації rus
Агенція, яка здійснювала перезапис UA-OsUOA
Агенція, яка здійснювала модифікацію UA-OsUOA
041 ## - Код мови
Код мови тексту/ звукової доріжки чи окремого заголовка (П) rus
080 ## - Індекс Універсальної десяткової класифікації
Індекс Універсальної десяткової класифікації (УДК) (НП) 004.38
020 ## - Міжнародний стандартний книжковий номер (ISBN)
Міжнародний стандартний книжковий номер (ISBN) (НП) 5-94723-752-0
044 ## - Код країни видавця/ виробника
Код країни видавця/ виробника (П) RU
245 ## - Відомості про назву
Назва (НП) Информатика. Базовый курс
Дані про відповідальність (НП) под ред. С. В. Симоновича
260 ## - Публікація, розповсюдження і т.п. (Вихідні дані)
Місце публікації, розповсюдження і т.п. (П) СПб
Ім’я/ наймення видавництва, розповсюджувача і т.п. (П) Питер
Дата публікації, розповсюдження і т.п. (П) 2003
250 ## - Відомості про видання (редакцію)
-- 2-е изд.
300 ## - Фізичний опис
Обсяг 640 с.
Інші фізичні характеристики (НП) Ілюстрації
650 #7 - Додаткове предметне введення – тематичний термін
Тематичний термін чи географічна назва, як елемент введення (НП) 00 Загальні питання науки і культури
Джерело заголовка чи терміна UDC
942 ## - Додаткові елементи входу (Коха)
Тип елемента Koha Книги
955 ## - Код типу видання за змістом
Код типу видання за змістом (НП) Навчальні видання
Фонди
Стан вилучень Стан втрат Джерело класифікації або схеми стелажів Стан уражень Не для кредиту Постійне місце розташування Поточне розміщення Дата придбання Вартість, звичайна ціна покупки Інвентарний номер Усього замовленно Повний номер виклику Штрих-код Дата останнього перегляду Ціна ефективна від Тип елемента Koha Усього утримується
    Universal Decimal Classification     АБ - Абонемент НБ АБ - Абонемент НБ 20/02/2004 28.60 77822   004.38 И74 77822 20/10/2021 18/02/2004 Книги  
Withdrawn   Universal Decimal Classification     АБ - Абонемент НБ АБ - Абонемент НБ 20/02/2004 28.60 77823   004.38 И74 77823 13/07/2019 18/02/2004 Книги  
    Universal Decimal Classification     АБ - Абонемент НБ АБ - Абонемент НБ 20/02/2004 28.60 77824   004.38 И74 77824 20/10/2021 18/02/2004 Книги  
    Universal Decimal Classification     АБ - Абонемент НБ АБ - Абонемент НБ 20/02/2004 28.60 77825   004.38 И74 77825 20/10/2021 18/02/2004 Книги  
    Universal Decimal Classification     АБ - Абонемент НБ АБ - Абонемент НБ 20/02/2004 28.60 77826   004.38 И74 77826 20/10/2021 18/02/2004 Книги  
Withdrawn   Universal Decimal Classification     АБ - Абонемент НБ АБ - Абонемент НБ 20/02/2004 28.60 77827   004.38 И74 77827 13/07/2019 18/02/2004 Книги  
Withdrawn   Universal Decimal Classification   Not For Loan АБ - Абонемент НБ АБ - Абонемент НБ 20/02/2004 28.60 77828   004.38 И74 77828 13/07/2019 18/02/2004 Книги 1
    Universal Decimal Classification     ЧЗ - Читальна зала ЧЗ - Читальна зала 18/02/2004 28.60 77558   004.38 И74 77558 09/02/2022 18/02/2004 Книги  
    Universal Decimal Classification     ЧЗ - Читальна зала ЧЗ - Читальна зала 18/02/2004 28.60 77559   004.38 И74 77559 06/02/2022 18/02/2004 Книги  
Withdrawn   Universal Decimal Classification     ЧЗ - Читальна зала ЧЗ - Читальна зала 18/02/2004 28.60 77560   004.38 И74 77560 13/07/2019 18/02/2004 Книги